Southville International School and Colleges
Your cart is empty.
  • Cart
  • Lists
    Public lists list_1 View all
    Your lists Log in to create your own lists
  • Log in to your account
  • Your cookies
  • Search history
Southville International School and Colleges
  • Advanced search
  • Recent comments
  • Most popular
  • Libraries

Log in to your account

Log in with GOOGLE


If you do not have an external account, but do have a local account, you can still log in:

  1. Home
  2. MARC view: American Journal of Education /
Normal view MARC view ISBD view

American Journal of Education / (Record no. 358769)

[ view plain ]
MARC details
000 -LEADER
fixed length control field 00470nam a2200157Ia 4500
008 - FIXED-LENGTH DATA ELEMENTS--GENERAL INFORMATION
fixed length control field 180910s9999 xx 000 0 und d
100 ## - MAIN ENTRY--PERSONAL NAME
Personal name American Journal of Education.
245 ## - TITLE STATEMENT
Title American Journal of Education /
245 ## - TITLE STATEMENT
Statement of responsibility, etc American Journal of Education.
260 ## - PUBLICATION, DISTRIBUTION, ETC. (IMPRINT)
Name of publisher, distributor, etc The Penn State College of Education
260 ## - PUBLICATION, DISTRIBUTION, ETC. (IMPRINT)
Date of publication, distribution, etc 2018
300 ## - PHYSICAL DESCRIPTION
Extent pages 161-256, February 2018
440 ## - SERIES STATEMENT/ADDED ENTRY--TITLE
Title Journal of Education
Volume number/sequential designation 124:2
650 ## - SUBJECT ADDED ENTRY--TOPICAL TERM
Topical term or geographic name as entry element Education.
650 ## - SUBJECT ADDED ENTRY--TOPICAL TERM
Topical term or geographic name as entry element Periodicals.
Holdings
Withdrawn status Lost status Damaged status Home library Current library Date acquired Total Checkouts Date last seen Price effective from Koha item type
      College Library College Library 09/10/2018   09/10/2018 09/10/2018 Periodicals

American Journal of Education /

APA

American Journal of Education, .American Journal of Education. : The Penn State College of Education.

Chicago

American Journal of Education, .American Journal of Education. : The Penn State College of Education.

Harvard

American Journal of Education, .American Journal of Education. : The Penn State College of Education.

MLA

American Journal of Education, .: The Penn State College of Education. .

  • Place hold
  • Print
  • Cite
  • Add to your cart (remove)
  • Save record
    BIBTEX Dublin Core MARCXML MARC (non-Unicode/MARC-8) MARC (Unicode/UTF-8) MARC (Unicode/UTF-8, Standard) MODS (XML) RIS
  • More searches
    Search for this title in:
    Other Libraries (WorldCat) Other Databases (Google Scholar) Online Stores (Bookfinder.com) Open Library (openlibrary.org)

Exporting to Dublin Core...

SOUTHVILLE LIBRARY

Southville International School and Colleges Library

1281 Tropical Ave. Cor. Luxembourg St., BF Homes International, Las Pinas City

Tel. No. 8256374 / 252358 Loc. 117/146

Powered by Koha